<?xml version="1.0" encoding="UTF-8"?>
<collection xmlns="http://www.loc.gov/MARC21/slim">
 <record>
  <leader>03050nam a22004811i 4500</leader>
  <controlfield tag="001">000709343</controlfield>
  <controlfield tag="003">CaToSAGE</controlfield>
  <controlfield tag="005">20240202172917.0</controlfield>
  <controlfield tag="005">20180103162434.3</controlfield>
  <controlfield tag="006">m|||||o||d||||||||</controlfield>
  <controlfield tag="007">cr |||||||||||</controlfield>
  <controlfield tag="008">180103r20082008enk    fob    001 0|eng|d</controlfield>
  <datafield tag="STA" ind1=" " ind2=" ">
   <subfield code="a">NEZPRACOVANÝ IMPORT</subfield>
  </datafield>
  <datafield tag="020" ind1=" " ind2=" ">
   <subfield code="a">9781526437082 (ebook) :</subfield>
   <subfield code="c">No price</subfield>
  </datafield>
  <datafield tag="035" ind1=" " ind2=" ">
   <subfield code="a">(OCoLC)1023546002</subfield>
  </datafield>
  <datafield tag="040" ind1=" " ind2=" ">
   <subfield code="a">CaToSAGE</subfield>
   <subfield code="b">eng</subfield>
   <subfield code="c">CaToSAGE</subfield>
   <subfield code="e">rda</subfield>
   <subfield code="e">pn</subfield>
   <subfield code="d">UtOrBLW</subfield>
  </datafield>
  <datafield tag="050" ind1=" " ind2="4">
   <subfield code="a">GV742.3</subfield>
   <subfield code="b">.S68 2008</subfield>
  </datafield>
  <datafield tag="082" ind1="0" ind2="4">
   <subfield code="a">070.4497960973</subfield>
  </datafield>
  <datafield tag="100" ind1="1" ind2=" ">
   <subfield code="a">Southall, Richard M.,</subfield>
   <subfield code="e">author.</subfield>
  </datafield>
  <datafield tag="245" ind1="1" ind2="2">
   <subfield code="a">A case-study analysis of NCAA Division I Women's basketball tournament broadcasts :</subfield>
   <subfield code="b">educational or commercial activity? /</subfield>
   <subfield code="c">Richard M. Southall, Mark S. Nagel.</subfield>
  </datafield>
  <datafield tag="264" ind1=" " ind2="1">
   <subfield code="a">London :</subfield>
   <subfield code="b">Human Kinetics, Inc.,</subfield>
   <subfield code="c">2008.</subfield>
  </datafield>
  <datafield tag="300" ind1=" " ind2=" ">
   <subfield code="a">1 online resource.</subfield>
  </datafield>
  <datafield tag="336" ind1=" " ind2=" ">
   <subfield code="a">text</subfield>
   <subfield code="b">txt</subfield>
   <subfield code="2">rdacontent</subfield>
  </datafield>
  <datafield tag="337" ind1=" " ind2=" ">
   <subfield code="a">computer</subfield>
   <subfield code="b">c</subfield>
   <subfield code="2">rdamedia</subfield>
  </datafield>
  <datafield tag="338" ind1=" " ind2=" ">
   <subfield code="a">online resource</subfield>
   <subfield code="b">cr</subfield>
   <subfield code="2">rdacarrier</subfield>
  </datafield>
  <datafield tag="490" ind1="1" ind2=" ">
   <subfield code="a">SAGE Knowledge. Cases</subfield>
  </datafield>
  <datafield tag="500" ind1=" " ind2=" ">
   <subfield code="a">Originally published in Southall, R. M., &amp; Nagel, M. S. (2008). A case-study analysis of NCAA Division I women's basketball tournament broadcasts: Educational or commercial activity? International Journal of Sport Communication, 1(4), 516-533. DOI:.</subfield>
  </datafield>
  <datafield tag="504" ind1=" " ind2=" ">
   <subfield code="a">Includes bibliographical references and index.</subfield>
  </datafield>
  <datafield tag="520" ind1="8" ind2=" ">
   <subfield code="a">Over the past few years the National Collegiate Athletic Association (NCAA) Division I women's basketball tournament has drawn larger crowds, generated increased television ratings, and attracted higher levels of advertising spending. Division I women's basketball is now viewed as the women's &quot;revenue&quot; sport. In light of the limited analysis of the organizational conditions that frame college-sport broadcast production, this case study examines the impact of influential actors on the representation process of big-time college-basketball telecasts. Using a mixed-method approach, this article investigates production conditions and processes involved in producing women's basketball tournament broadcasts, examines the extent to which these broadcasts are consistent with the NCAA's educational mission, and considers the dominant institutional logic that underpins their reproduction. In so doing, this case study provides a critical examination of women's basketball tournament broadcasts and how such broadcasts constitute, and are constituted by, choices in television production structures and practices.</subfield>
  </datafield>
  <datafield tag="588" ind1=" " ind2=" ">
   <subfield code="a">Description based on XML content.</subfield>
  </datafield>
  <datafield tag="655" ind1=" " ind2="7">
   <subfield code="a">elektronické knihy</subfield>
   <subfield code="7">fd186907</subfield>
   <subfield code="2">czenas</subfield>
  </datafield>
  <datafield tag="655" ind1=" " ind2="9">
   <subfield code="a">electronic books</subfield>
   <subfield code="2">eczenas</subfield>
  </datafield>
  <datafield tag="610" ind1="2" ind2="0">
   <subfield code="a">National Collegiate Athletic Association.</subfield>
  </datafield>
  <datafield tag="650" ind1=" " ind2="0">
   <subfield code="a">Television broadcasting of sports.</subfield>
  </datafield>
  <datafield tag="650" ind1=" " ind2="0">
   <subfield code="a">Basketball for women.</subfield>
  </datafield>
  <datafield tag="700" ind1="1" ind2=" ">
   <subfield code="a">Nagel, Mark S.,</subfield>
   <subfield code="e">author.</subfield>
  </datafield>
  <datafield tag="830" ind1=" " ind2="0">
   <subfield code="a">SAGE Knowledge.</subfield>
   <subfield code="p">Cases.</subfield>
  </datafield>
  <datafield tag="856" ind1="4" ind2="0">
   <subfield code="3">SAGE Knowledge</subfield>
   <subfield code="u">https://sk.sagepub.com/cases/analysis-ncaa-division-i-women-basketball-tournament-broadcasts</subfield>
   <subfield code="y">Plný text</subfield>
  </datafield>
  <datafield tag="BAS" ind1=" " ind2=" ">
   <subfield code="a">SBC</subfield>
  </datafield>
  <datafield tag="BAS" ind1=" " ind2=" ">
   <subfield code="a">EB</subfield>
  </datafield>
  <datafield tag="993" ind1=" " ind2=" ">
   <subfield code="x">NEPOSILAT</subfield>
   <subfield code="y">EB</subfield>
  </datafield>
 </record>
</collection>
